Statistics for San Francisco Giants: All-Star Selections

Click here to take the quiz!

General Stats

  • This quiz has been taken 42 times
  • The average score is 24 of 103

Answer Stats

Position Amount of Selections Player % Correct
C5Buster Posey
89%
CF26Willie Mays
89%
LF12Barry Bonds
84%
RF3Bobby Bonds
79%
P4Tim Lincecum
76%
1B6Willie McCovey
74%
P4Madison Bumgarner
74%
3B2Pablo Sandoval
63%
2B3Jeff Kent
61%
1B5Will Clark
61%
RF2Jack Clark
58%
3B4Matt Williams
55%
SS1Brandon Crawford
55%
2B1Davey Williams
55%
P3Matt Cain
55%
P11Juan Marichal
53%
2B2Robby Thompson
50%
1B14Orlando Cepeda
50%
OF3Bobby Thomson
50%
1B1Brandon Belt
47%
RF1Hunter Pence
45%
LF2Kevin Mitchell
45%
RF12Mel Ott
42%
P2Sam Jones
37%
2B1Joe Panik
34%
OF2Chili Davis
32%
OF1Felipe Alou
32%
SS1Rich Aurilia
32%
OF1Moises Alou
32%
P2Gaylord Perry
32%
P2Brian Wilson
29%
P3Vida Blue
29%
P3Robb Nen
26%
P3Rod Beck
26%
C1Benito Santiago
24%
1B5Johnny Mize
24%
P1Sergio Romo
24%
P3Jason Schmidt
24%
3B1Darrell Evans
24%
P9Carl Hubbell
24%
C1Bob Schmidt
24%
1B3Bill Terry
21%
P1Mike Krukow
21%
P1Johnny Cueto
18%
SS1Marco Scutaro
16%
SS3Chris Speier
16%
P1John Montefusco
16%
SS1Travis Jackson
16%
P1Hoyt Wilhelm
16%
P1Rick Reuschel
13%
OF1Bobby Murcer
13%
C2Tom Haller
13%
P1John Burkett
13%
P1Ryan Vogelsong
13%
OF1Melky Cabrera
13%
3B1Chris Brown
13%
LF1Lefty O'Doul
11%
P7Johnny Antonelli
11%
LF1Jeffrey Leonard
11%
3B3Jim Davenport
11%
P3Stu Miller
11%
P2Sal Maglie
11%
P6Mike McCormick
11%
RF2Don Mueller
11%
P1Shawn Estes
8%
SS3Al Dark
8%
C1Bob Brenly
8%
C2Wes Westrum
8%
C2Ed Bailey
8%
P1Scott Garrelts
8%
P1Atlee Hammaker
8%
LF1Monte Irvin
8%
1B1Whitney Lockman
8%
P1Jeff Brantley
5%
P1Jim Hearn
5%
LF6Jo-Jo Moore
5%
LF2Sid Gordon
5%
P2Larry Jansen
5%
P2Hal Schumacher
5%
C1Dick Dietz
5%
P1Ed Whitson
5%
RF3Willard Marshall
5%
P1Greg Minton
3%
2B1Eddie Stanky
3%
P1Tim Hudson
3%
C3Walker Cooper
3%
C2Gus Mancuso
3%
C2Ernie Lombardi
3%
SS1Buddy Kerr
3%
P1Gary Lavelle
3%
P1Marv Grissom
3%
SS1Dick Bartell
3%
CF1Hank Leiber
3%
2B1Bill Rigney
3%
2B1Burgess Whitehead
0%
P1Van Mungo
0%
P1Bill Voiselle
0%
P1Ace Adams
0%
3B1Jim Ray Heart
0%
SS2Billy Jurges
0%
LF1Joe Medwick
0%
C3Harry Danning
0%
P1Cliff Melton
0%

Score Distribution

Percentile by Number Answered

Percent of People with Each Score

Your Score History

You have not taken this quiz